[Event "St Petersburg-ch"]
[Site "St Petersburg"]
[Date "2003.04.17"]
[Round "2"]
[White "Shaposhnikov, Evgeny"]
[Black "Praslov, Andrey"]
[Result "1-0"]
[WhiteElo "2564"]
[BlackElo "2417"]
[Annotator "Finkel,A"]
[PlyCount "59"]
[EventDate "2003.04.16"]
[EventType "tourn"]
[EventRounds "13"]
[EventCountry "RUS"]
[EventCategory "11"]
[SourceTitle "CBM 095"]
[Source "ChessBase"]
[SourceDate "2003.07.25"]
[SourceVersion "1"]
[SourceVersionDate "2003.07.25"]
[SourceQuality "1"]

1. e4 e6 2. d4 d5 3. Nc3 Bb4 4. e5 b6 5. Qg4 Bf8 6. Nf3 Ba6 7. Bxa6 Nxa6 8. O-O
Qd7 (8... Nb4 9. Ne1 Qd7 10. a3 Nc6 11. Be3 Nge7 12. Nd3 Nf5 13. Ne2 h5 14. Qf3
Be7 15. Rac1 Na5 $13 {Gruen,S-Siegel,G/Triberg 1991}) 9. Ne2 {Black managed to
get rid of his lightsuared bishop, which is one of black's main problems in
this structure, however he lost too much time to reach this goal.} (9. Bd2 Ne7
10. b3 Nf5 11. Ne2 c5 12. dxc5 bxc5 13. c4 h5 14. Qf4 Be7 15. Rad1 d4 16. Ng3
g6 17. Ne4 Rc8 18. h3 $14 {Shaposhnikov,E-Slavina,I/St Petersburg 2002}) 9...
O-O-O {It's clear that black king has nothing to do on the kingside, because
white is ready to launch an attack on that part of the board.} (9... Ne7 10.
Bg5 Nf5 11. Ng3 h6 12. Bd2 O-O-O 13. a3 g6 14. h4 Be7 15. Bb4 c5 16. dxc5 bxc5
17. Ba5 Rdg8 18. c4 h5 19. Qf4 $14 {Christensen,S-Kiriakov,P/Copenhagen 2002})
10. a4 Ne7 11. b3 {[%cal Gc2c4] White's play is very logical. With his last
move he is preparing an advance of the c-pawn in order to open up a c-file.} h5
12. Qh3 Nf5 13. Bd2 Be7 14. c4 c6 $6 {Too passive. It was necessary to look
for counterplay with 14...d:c4} (14... dxc4 $1 15. bxc4 Qc6 16. Rfc1 Qe4 17.
Ng3 Nxg3 18. Qxg3 Qg4 $132 {and black is doing fine.}) 15. Ng5 $1 {[%csl Ra6]
[%cal Gh3d3] Bringing the queen to d3.} Rdf8 (15... Bb4 16. Bxb4 Nxb4 17. a5
Qe7 18. Qc3 $16) 16. Qd3 Kb7 17. Rfc1 dxc4 18. Rxc4 Bxg5 19. Bxg5 Rc8 20. Nf4
Nc7 ({An attempt to win the bishop was doomed to failure.} 20... Rcf8 21. Rac1
f6 22. Rxc6 fxg5 23. Nxe6 Rc8 24. Qxa6+ $1 Kxa6 25. Nc5+ Ka5 26. Nxd7 $16) 21.
Qe4 Nd5 ({Black could've won an exchange, but it wouldn't solve his problems} 
21... f6 22. exf6 Nd6 23. Qd3 Nxc4 24. bxc4 gxf6 25. Bxf6 Rhf8 26. Be5 $16 {
and white's advantage is very siginificant due to fantastic position of the
pieces.}) 22. Nd3 h4 23. h3 Rh5 $6 {[%csl Rh5] Just helping white to carry out
his plan.} 24. Bd2 Rhh8 25. a5 Qe7 (25... Ra8 $5) 26. Bb4 Qe8 27. axb6 axb6 28.
Bd6 Ra8 29. Rac1 Nxd6 $2 {After this mistake white knight gets square e5,
which proves to be lethal for black who can't protect a pawn on c6.} (29... Rc8
30. Nb4 Nxb4 31. Rxb4 Nxd6 32. exd6 Qd7 (32... Rh5 33. Ra4 Qd8 34. Rca1 Qxd6
35. Ra7+ Kb8 36. d5 $1 Rxd5 (36... cxd5 37. Qe2 $1 {[%csl Rh5][%cal Ge2a6]}) (
36... Qxd5 37. Qb4 Qc5 38. Qf4+ $18 {[%cal Gf4f7]}) 37. Ra8+ Kc7 38. R1a7+ Kd8
39. Qxh4+ $18) 33. Qe5 Ra8 34. Qxg7 Rhg8 35. Qe5 $16) 30. exd6 $18 (30. exd6
Rc8 31. Ne5 {[%csl Rc6]}) 1-0

[Event "Oxford GM-A"]
[Site "Oxford"]
[Date "1998.12.22"]
[Round "8"]
[White "Hector, Jonny"]
[Black "McDonald, Neil R"]
[Result "1/2-1/2"]
[WhiteElo "2510"]
[BlackElo "2490"]
[Annotator "Finkel,A"]
[PlyCount "57"]
[EventDate "1998.12.14"]
[EventType "tourn"]
[EventRounds "9"]
[EventCountry "ENG"]
[EventCategory "11"]
[SourceTitle "CBM 069"]
[Source "ChessBase"]
[SourceDate "1999.04.01"]
[SourceVersion "1"]
[SourceVersionDate "1999.04.01"]
[SourceQuality "1"]

1. e4 e6 2. d4 d5 3. Nc3 Bb4 4. e5 Ne7 5. Bd2 b6 6. Nce2 $5 {Very solid
continuation hardly promising white any serious advantage after the opening.}
Bxd2+ 7. Qxd2 Ba6 8. Nf3 ({More ambitious is} 8. h4 c5 9. h5 $5 h6 10. f4 cxd4
11. Nf3 Nbc6 12. Nexd4 Bxf1 13. Rxf1 Qd7 14. O-O-O O-O-O 15. g4 $14 {with
better chanses;Macieja,B-Matlak,M/Pardubice op 1994 (33)}) (8. f4 c5 9. c3 Nbc6
10. Nf3 Rc8 11. O-O-O (11. Ng3 Bxf1 12. Rxf1 cxd4 13. cxd4 g6 14. Kf2 h5 $11 {
Hort,V-Karlsson,L/Favorite 1980 (41)}) 11... Bxe2 12. Bxe2 cxd4 13. Nxd4 Nxd4
14. Qxd4 O-O 15. Kb1 $13 {Al Modiahki,M-Vaisser,A/Benasque op 1997}) 8... c5 9.
g3 (9. c3 Nbc6 (9... O-O 10. Nf4 Bxf1 11. Kxf1 Nbc6 12. h4 Ng6 13. Nd3 c4 14.
h5 Nh8 15. Nf4 $14 {Wahls,M-Jussupow,A/BL9192 1992}) 10. Nf4 Bxf1 11. Kxf1 Ng6
12. Nxg6 hxg6 13. h4 Qe7 14. g3 cxd4 15. cxd4 $11 {Leko,P-Farago,I/HUN-ch 1993
(17)}) 9... Nbc6 10. c3 O-O (10... cxd4 11. cxd4 Nf5 12. Bh3 Bxe2 13. Kxe2 Nfe7
14. Rhc1 Qd7 15. Kf1 O-O 16. Kg1 $14 {Damjanovic,M-Huss,A/Bohemians 1988}) 11.
Bh3 Kh8 $5 (11... Rc8 12. O-O cxd4 13. cxd4 Na5 14. Rfe1 Nec6 15. b3 Bxe2 16.
Qxe2 Qe7 17. Rac1 Qa3 18. Rc2 h6 $11 {1/2-1/2 Fogarasi,T-Apicella,M/Paris op
1995}) 12. O-O f5 {Responsible decision:now the position is opened up and
white seems to be prepared for it slightly better.} 13. exf6 (13. Rfd1 $5 Bxe2
14. Qxe2 Qd7 15. Rac1 Rac8 (15... f4 $6 16. Ng5 $16) 16. Bg2 cxd4 (16... Rc7
17. c4 $5 $14) 17. cxd4 Rc7 18. Rc3 $14) 13... Rxf6 14. Ng5 {[%csl Re6][%cal
Gf2f4]} (14. Kg2 Qf8 $5 (14... Qd6 15. Rfe1 e5 16. dxe5 Nxe5 17. Nxe5 Qxe5 18.
Nf4 $14) 15. Ne5 Nxe5 16. dxe5 Rh6 17. f4 Rd8 $132) 14... e5 $8 15. dxe5 Nxe5
16. f4 Nf7 (16... Nd3 $6 {[%csl Rd3]}) 17. Nxf7+ Rxf7 18. Rf2 $6 {Inaccuracy
permitting black to equalize too easily.After correct} (18. Rf3 $1 {[%cal
Gf3e3]} Qd6 19. Re3 Raf8 20. Re1 Nf5 21. Re5 d4 $5 (21... Bb7 22. Bg2 Re7 23.
Nc1 $1 $14) 22. cxd4 Nxd4 23. Nxd4 cxd4 24. Be6 $14 {white keeps an edge.})
18... Qd6 {Black's plan is very simple and efficient:to double the rooks over
the f-file and to play g5.White can't do nothing to prevent it and all the
major pieces disappear from the board very quickly.} 19. Re1 Raf8 20. Nc1 g5 $1
$132 21. f5 $1 {Keeping the balance.} Nxf5 (21... h6 $5 22. Nd3 $1 (22. Re6 $2
Qxe6 23. fxe6 Rxf2 24. Qxf2 (24. Qe3 Rxb2 25. Qe5+ Kg8) 24... Rxf2 25. Kxf2 Kg7
$17 {[%csl Re6]}) 22... Nxf5 23. Ne5 Rf6 24. Ng4 R6f7 25. Ne5 $11) 22. Qxg5 Qg6
23. Qxg6 hxg6 $11 24. Bf1 {Another step to a draw.} Bxf1 25. Rfxf1 d4 26. cxd4
Nxd4 27. Rxf7 Rxf7 28. Kg2 c4 29. Re4 1/2-1/2

[Event "Enghien les Bains 3rd"]
[Site "Enghien les Bains"]
[Date "1999.03.03"]
[Round "1"]
[White "Bologan, Viktor"]
[Black "Bauer, Christian"]
[Result "1-0"]
[WhiteElo "2608"]
[BlackElo "2528"]
[Annotator "Finkel,A"]
[PlyCount "83"]
[EventDate "1999.03.03"]
[EventType "tourn"]
[EventRounds "9"]
[EventCountry "FRA"]
[EventCategory "15"]
[SourceTitle "CBM 070"]
[Source "ChessBase"]
[SourceDate "1999.06.08"]
[SourceVersion "1"]
[SourceVersionDate "1999.06.08"]
[SourceQuality "1"]

1. e4 e6 2. d4 d5 3. Nc3 Bb4 4. e5 Ne7 5. a3 Bxc3+ 6. bxc3 b6 7. h4 Ba6 8. Bxa6
(8. Bd3 $6 c5 9. h5 h6 10. a4 Bxd3 11. Qxd3 Nbc6 12. Ba3 O-O 13. Nf3 Qc7 14.
O-O Na5 15. Rfe1 Nc4 $15 {Levchenkov,V-Moskalenko,V/EUCup Gr3 1994 (33)}) 8...
Nxa6 9. h5 h6 10. Qg4 (10. Qd3 Nb8 11. Nf3 Nbc6 (11... Qd7 12. Nh4 Qc6 13. Rh3
Qc4 14. Qg3 Rg8 15. Qf4 Nbc6 16. a4 Na5 17. Rf3 Kd7 $13 {Wildi,M-Sher,M/Geneve
op 1993 (36)}) 12. Nh4 Qd7 13. g4 O-O-O 14. f4 Rhg8 15. f5 f6 $5 $132 {Arnason,
J-Rohde,M/Beersheba 1987 (33)}) (10. Rh4 $5 c5 11. Nh3 Qc7 12. Bd2 cxd4 13.
cxd4 Qc4 14. Rf4 Rc8 15. Rc1 Nf5 16. c3 Nb8 17. Qf3 Rf8 $13 {Micic,
C-Timoshenko,G/Cheliabinsk 1989 (31)}) 10... Rg8 (10... Nf5 11. a4 (11. Nf3 Qd7
12. Nh4 Rg8 13. a4 O-O-O 14. Qe2 Kb7 15. Nxf5 exf5 $13 {Zavoronkov,V-Remmel,A/
EST-tt, Tallinn EST 1998 (37)}) 11... Qd7 12. Qe2 $6 Qc6 13. Qd2 Qc4 14. Ne2 c5
$15 {Kostro,J-Podolsky,H/Warsaw 1961 (35)}) 11. a4 $5 {White decides to get
rid of a weak a-pawn and to open another file for the rooks.This game is very
good example of an agressive style of Viorel Bologan.} (11. Qe2 Nb8 12. Nf3
Nbc6 13. g4 Qd7 14. Nh4 $13 {1/2-1/2 Spassky,B-Petrosian,T/Tilburg 1981}) 11...
Qd7 $6 ({Deserved attention} 11... c5 $5 12. Qe2 Nb8 13. a5 Nbc6 $132 {keeping
the diagonal a3-f8 closed.}) 12. Qe2 Nb8 13. a5 Nbc6 (13... Qc6 $5) 14. axb6
cxb6 15. Nf3 Na5 16. Nd2 Qc6 (16... O-O-O $5 17. Ba3 Nec6 18. Rh4 $1 {[%cal
Gc3c4]} Nb7 19. c4 dxc4 20. Qxc4 Kb8 21. Nb3 $14) 17. Rh3 Kd7 (17... Nc4 18.
Ba3) 18. Rf3 Rgf8 19. Ba3 Nc4 20. Qd3 $1 {[%cal Gd3h7]} a5 ({Too dangerous for
black is} 20... Nxa3 $6 21. Rxa3 {[%cal Gc3c4]} b5 (21... Kc7 $2 22. c4 Kb7 (
22... dxc4 23. Nxc4 Nf5 24. Nd6 $1 Nxd6 25. Rc3 $18) 23. cxd5 exd5 24. Qh7 $1
$16) 22. Nb3 Kc7 23. Nc5 a6 24. g4 g6 25. hxg6 $16 {and white's initiative is
extremly dangerous.}) 21. Nxc4 dxc4 $2 ({It was nesssary to take with the
queen:} 21... Qxc4 $1 22. Qh7 Rg8 23. g4 $1 (23. Rb1) 23... Rac8 24. Kd2 $5 (
24. Rb1 $5 Qa2 $5 (24... Qc6) 25. Rb3 a4 26. Rxf7 axb3 27. Rxe7+ Kc6 28. Rxe6+
Kb7 29. Qg6 $1 {[%csl Rb6]} Qxa3 30. Rxb6+ Ka7 31. Rxb3 Qa6 32. Qf7+ Ka8 33.
Qxd5+ Ka7 34. f4 $5 $40) 24... Ke8 25. Bd6 $1 a4 26. Rb1 Qc6 27. Qd3 $36 {
and white definitly has very unpleasent pressure,but black's position is
defendable.}) 22. Qh7 $16 {[%csl Rf7,Rg7]} Nf5 23. d5 $1 {Forcing the endgame
with much better chanse for white.} (23. Bxf8 $6 Qe4+ $1 24. Kd2 (24. Kf1 $2
Ne3+ $17) 24... Rxf8 25. Re1 Qg4 $132) (23. Rxf5 $2 Qe4+ 24. Kf1 Qxf5 25. Qxf5
exf5 26. Bxf8 Rxf8 $17) 23... Qxd5 $8 (23... Qa4 24. dxe6+ fxe6 25. Rd1+ Kc6
26. Bxf8 Rxf8 27. Qg6 $18) 24. Rd1 Qxd1+ 25. Kxd1 Rh8 26. Qxh8 Rxh8 27. g4 Nh4
28. Rxf7+ Kc6 29. Rxg7 Kd5 $6 ({More chanses of survival would leave} 29... Nf3
$5 30. Ke2 Nxe5 31. f4 Nd7 32. Re7 Nc5 33. Bxc5 (33. Kf3 $5) 33... Kxc5 34.
Rxe6 a4 35. Kf3 a3 36. Re1 b5 37. Ra1 $16) 30. Rf7 Rg8 (30... Kxe5 31. Be7 $1
$18) 31. f3 $18 {[%csl Rh4]} Nxf3 $5 {Disperation!} (31... Kxe5 32. Bc1 a4 33.
Ke2 Rh8 34. Bf4+ $18) 32. Rxf3 Rxg4 33. Rf6 Rg1+ 34. Kd2 Rg2+ 35. Kc1 Kxe5 36.
Rxh6 Rh2 37. Be7 $1 b5 38. Kb2 Kd5 39. Rh8 e5 40. h6 Ke6 41. h7 Kf7 42. Bd6 1-0

[Event "Reykjavik Hrokurinn"]
[Site "Reykjavik"]
[Date "2003.02.19"]
[Round "2"]
[White "Macieja, Bartlomiej"]
[Black "Kristjansson, Stefan"]
[Result "1-0"]
[WhiteElo "2629"]
[BlackElo "2432"]
[Annotator "Finkel,A"]
[PlyCount "73"]
[EventDate "2003.02.18"]
[EventType "tourn"]
[EventRounds "9"]
[EventCountry "ISL"]
[EventCategory "15"]
[SourceTitle "CBM 094"]
[Source "ChessBase"]
[SourceDate "2003.05.26"]
[SourceVersion "1"]
[SourceVersionDate "2003.05.26"]
[SourceQuality "1"]

1. e4 e6 2. d4 d5 3. Nc3 Bb4 4. e5 Ne7 5. Bd2 b6 6. Nce2 {Very solid
continuation hardly promising white any serious advantage after the opening.}
Bxd2+ 7. Qxd2 Ba6 8. h4 (8. f4 c5 9. Nf3 (9. c3 Nf5 10. Nf3 Nh4 11. Nxh4 Qxh4+
12. g3 Qe7 13. f5 Nc6 $13 {Bohm,H-Portisch,F/Wijk aan Zee 1985}) 9... Nbc6 10.
c3 Qd7 (10... Rc8 11. Ng3 (11. O-O-O Bxe2 12. Bxe2 cxd4 13. Nxd4 Nxd4 14. Qxd4
O-O 15. Kb1 Nc6 16. Qe3 Na5 $13 {Al Modiahki,M-Vaisser,A/Benasque 1997}) 11...
Bxf1 12. Rxf1 cxd4 13. cxd4 g6 14. Kf2 h5 15. Rac1 h4 16. Ne2 Nf5 17. g4 hxg3+
18. hxg3 $14 {Hort,V-Karlsson,L/Hamburg 1980}) (10... O-O 11. Ng3 Bxf1 12. Rxf1
cxd4 13. cxd4 Rc8 14. Kf2 b5 15. Rfc1 f6 $11 {Levin,D-McCambridge,V/Chicago
1990}) 11. g4 O-O-O 12. Ng3 Bxf1 13. Kxf1 f6 14. Kg2 Rhf8 15. Rhf1 fxe5 16.
Nxe5 Nxe5 17. fxe5 Nc6 $11 {Gufeld,E-Furman,S/Soviet Union 1967}) (8. Nf3 c5 9.
c3 Nbc6 (9... O-O 10. Nf4 Bxf1 11. Kxf1 Nbc6 12. h4 Ng6 13. Nd3 c4 14. h5 Nh8
15. Nf4 Qe7 16. Re1 Rae8 17. Rh3 f6 $132 {Wahls,M-Jussupow,A/Germany 1991}) 10.
g3 (10. Nf4 Bxf1 11. Kxf1 Ng6 12. Nxg6 hxg6 13. h4 Qe7 14. g3 cxd4 15. cxd4 Qb4
16. Qxb4 Nxb4 17. a3 Nc6 {1/2-1/2 Leko,P-Farago,I/Hungary 1993}) 10... cxd4 (
10... O-O 11. Bh3 Rc8 (11... Ng6 12. O-O cxd4 13. cxd4 Qe7 14. Rfc1 Rfc8 15.
Bf1 Na5 16. b3 $14 {Hamdouchi,H-Kovacevic,B/Cannes 1998}) (11... Kh8 $5 12. O-O
f5 13. exf6 Rxf6 14. Ng5 e5 $132 {Hector,J-McDonald,N/Oxford 1998}) 12. O-O
cxd4 13. cxd4 Na5 14. Rfe1 Nec6 15. b3 Bxe2 16. Qxe2 Qe7 17. Rac1 Qa3 18. Rc2
h6 $13 {1/2-1/2 Fogarasi,T-Apicella,M/Paris 1995}) (10... Qd7 11. Bh3 Bxe2 12.
Qxe2 O-O 13. O-O Rac8 14. dxc5 bxc5 15. c4 dxc4 16. Qxc4 Nd4 17. Nxd4 cxd4 18.
Qd3 $14 {Fogarasi,T-Videki,S/Zalakaros 1997}) (10... Rc8 11. Nf4 Bxf1 12. Kxf1
O-O 13. Kg2 Nf5 14. h4 Qe7 15. a3 cxd4 16. cxd4 f6 17. Rae1 fxe5 18. dxe5 $14 {
Reeh,O-Rustemov,A/Hamburg 1999}) 11. cxd4 Nf5 12. Bh3 Bxe2 13. Kxe2 Nfe7 14.
Rhc1 Qd7 15. Kf1 O-O 16. Kg1 Rac8 17. b4 h6 18. Bf1 $14 {Damjanovic,M-Huss,A/
Prague 1988}) 8... Qd7 (8... c5 9. h5 $5 h6 10. f4 cxd4 11. Nf3 Nbc6 12. Nexd4
Bxf1 13. Rxf1 Qd7 14. O-O-O O-O-O 15. g4 g6 16. Rh1 $14 {Macieja,B-Matlak,M/
Pardubice 1994}) 9. h5 h6 10. f4 f5 {Temporarily closing the kingside, but
giving white a target to play against, since sooner or later white will be
able to transfer g4 getting dangerous initiative on the kingside.} (10... c5
11. Nf3 Nbc6 12. c3 Na5 13. b3 O-O 14. g4 Rfc8 15. Bh3 $36) 11. Nf3 O-O 12. Qe3
Qa4 (12... Rc8 {[%cal Gc7c5]} 13. O-O-O c5 14. Nc3 Bxf1 15. Rdxf1 a6 $13) 13.
c3 Nd7 14. b3 Qa3 15. Qc1 Qxc1+ $6 {Arising endgame is extremly unpleasent for
black who is deprived of any counterplay.} (15... Qa5) 16. Rxc1 $16 {[%cal
Gg2g3,Gf1h3,Gg3g4,Gh1g1]} c5 17. Kd2 Rfc8 18. g3 Rc7 19. Bh3 {[%cal Gg3g4]}
Rac8 (19... Rf8 20. g4 fxg4 21. Bxg4 Nf5 22. Nh4 Bxe2 23. Bxf5 exf5 24. Kxe2
$16) 20. g4 {All is set up for this break so there is no reason to delay it no
more.} Bxe2 21. Kxe2 Rf8 22. Rhg1 fxg4 23. Rxg4 {[%csl Re6,Rg7]} Nf5 24. Rg6
cxd4 (24... Re8 25. Bxf5 exf5 26. Rcg1 Nf8 27. Rxh6 $5 Ne6 28. Ng5 $1 Nxf4+ 29.
Kf3 Rcc8 (29... gxh6 30. Ne6+ Kf7 31. Nxc7 Rc8 32. Kxf4 Rxc7 33. Kxf5 $18) 30.
Kxf4 gxh6 31. Ne4+ Kf8 32. Nd6 $18) 25. Bxf5 Rxf5 (25... exf5 26. Nxd4 Nc5 27.
Rcg1 $18 {[%cal Gb3b4,Gd4e6]}) 26. Nxd4 $18 Rxh5 (26... Rxf4 27. Nxe6 Nxe5 28.
Nxf4 $18) 27. Rxg7+ $1 Kxg7 28. Nxe6+ Kg6 29. Nxc7 Kf5 30. Rf1 Nc5 31. Nxd5 Rh3
32. Rf3 $1 Rh2+ 33. Ke3 h5 (33... Rxa2 34. b4 Nd7 35. Rh3 Kg6 36. Ne7+ $18) 34.
Rg3 h4 35. Rg5+ Ke6 36. Rg6+ Kf7 37. f5 1-0

[Event "Donetzk zt"]
[Site "Donetsk"]
[Date "1998.11.09"]
[Round "7"]
[White "Zontakh, Andrey"]
[Black "Kruppa, Yuri"]
[Result "1/2-1/2"]
[WhiteElo "2540"]
[BlackElo "2570"]
[Annotator "Finkel,A"]
[PlyCount "60"]
[EventDate "1998.11.02"]
[EventType "swiss"]
[EventRounds "11"]
[EventCountry "UKR"]
[SourceTitle "CBM 068"]
[Source "ChessBase"]
[SourceDate "1999.02.01"]
[SourceVersion "1"]
[SourceVersionDate "1999.02.01"]
[SourceQuality "1"]

1. e4 e6 2. d4 d5 3. Nc3 Bb4 4. e5 b6 5. a3 Bf8 6. Nf3 Qd7 7. Bb5 c6 8. Ba4 Na6
(8... Ba6 9. Ne2 Bb5 (9... Ne7 10. c3 Bb5 11. Bc2 c5 12. O-O Nbc6 13. Re1 Bxe2
14. Rxe2 c4 15. Ng5 $36 {Rogers,I-Gausel,E/World Cities 1997 (28)}) (9... h5
10. O-O Nh6 11. Re1 Be7 12. c3 g6 13. Nf4 Nf5 14. Nh3 $14 {Chandler,M-Vaganian,
R/Dubai olm 1986}) 10. Bb3 c5 11. c3 Nc6 12. O-O Nge7 13. Re1 O-O-O (13... Nf5
14. g4 Nfe7 15. Ng3 c4 16. Bc2 Na5 17. Nh5 h6 18. Bf4 $14 {Miljanic,B-Nikolic,
Z/Vrnjacka Banja 1987}) (13... h5 14. Bg5 Bxe2 15. Rxe2 Nf5 16. dxc5 Bxc5 17.
Ba4 a6 18. c4 $1 $14 {Oll,L-Epishin,V/URS-YM 1989 (38)}) 14. Bc2 Ng6 15. Ng3
Kb7 16. h4 h6 17. h5 Nge7 18. Be3 c4 19. Nh4 $36 {Chandler,M-Timman,J/OHRA 1987
}) (8... a5 9. Ne2 Ba6 10. c3 Bb5 11. Bc2 a4 12. O-O c5 13. Re1 Nc6 14. Nf4 h6
15. h4 $14 {Rodriguez,A-Gonzales,J/Bogota Lat Cup 1992}) 9. Ne2 Nc7 10. O-O Ba6
(10... Ne7 11. Ng3 Ba6 12. Re1 Ng6 13. c3 h6 14. Nh5 O-O-O $13 {Sievers,S-Bain,
D/Hamburg-chIJ 1987 (20)}) 11. c3 f5 12. Bc2 $5 {Deciding to play with closed
center.Nothing promised} (12. exf6 gxf6 13. Re1 O-O-O 14. Bf4 (14. Nf4 $6 Bd6
15. Nd3 Ne7 16. Bf4 Bxf4 17. Nxf4 Rhg8 $15) 14... Bd6 15. Bxd6 Qxd6 16. Bc2 Ne7
17. a4 $13 {with unclear position.}) 12... h6 13. h4 g5 $6 {Very caregeous,but
not fully justified decision:black sacrifices a pawn hoping to get an
attacking chanses over the h-file,however white's defensive resourses prove to
be more than sufficient and black faces certain problems in developing the
initiative.} 14. hxg5 hxg5 15. Nxg5 (15. Bxg5 $2 Qh7 16. Bh4 (16. Nh4 Qh5 $19 {
[%csl Re2,Rg5]}) 16... Be7 $1 (16... Ne7 17. g3 Ng6 18. Kg2 Qg8 19. Bg5 Qh7 20.
Bh4 $11 (20. Nh4 Qh5 $17)) 17. g3 Qg7 18. Bxe7 Nxe7 19. Re1 (19. Kg2 Ng6 20.
Rh1 Bxe2 21. Rxh8+ Kd7 22. Rxa8 Bxd1 $19) 19... Qh7 20. Nh4 Ng6 21. Bd3 Nxh4
22. gxh4 Qxh4 23. Ng3 f4 $19) 15... Qg7 16. Bd3 $1 {Usefull move unpinning the
knight.} Bb7 $5 17. f4 Be7 18. Rf3 Nh6 19. Rh3 O-O-O 20. Ng3 (20. b4 $6 Nf7 $1
(20... Bxg5 $2 21. fxg5 Nf7 22. Rg3 Rh5 23. g6 Rdh8 24. Qa4 $1 Rh1+ 25. Kf2 $16
) 21. Rxh8 Rxh8 22. Nxf7 Qxf7 23. Be3 Qh5 $40) 20... c5 (20... Nf7 $6 21. Nh5
Qg6 22. Nxf7 Qxf7 23. Be2 Rdg8 24. Be3 $16 {[%cal Ge2f3,Gg1f2,Gd1h1]}) 21. Be3
Kb8 {Preparing Ng4} (21... Ng4 $2 22. Nxf5 $1 Nxe3 23. Nxg7 Nxd1 24. Rxd1 $18)
22. Be2 {[%csl Rg4]} Qf8 23. Nh5 $6 (23. dxc5 $1 Bxc5 24. Bxc5 bxc5 25. b4 d4
26. cxd4 Rxd4 27. Qc1 $1 $16) 23... c4 $5 24. Bf2 $6 {Aimless move.Deserved
attention} (24. Kf2 $5 Bc6 25. Ke1 Be8 26. Kd2 {[%cal Ge2f3,Gd1e2,Ga1h1]} Bxg5
$6 27. fxg5 Ng4 28. Bxg4 fxg4 29. Qxg4 Rxh5 30. Rxh5 Bxh5 31. Qxh5 Qf5 32. Qe2
Rf8 33. Rh1 $16 {[%cal Gg2g3,Ge3f4]}) 24... Bc6 25. Bf3 Be8 26. Qe2 Ng4 $5 $132
{After this move the position becomes unclear and after few more moves both
sides decide not to take risks and to agree on a draw.} 27. Bxg4 (27. Ng3 Nxf2
28. Qxf2 (28. Kxf2 $6 Rxh3 29. gxh3 Qh6 $1 $36 {[%csl Rh3][%cal Gh6h4,Ge7g5]})
28... Rg8 29. Nh7 Qg7 $44) 27... fxg4 28. Qxg4 Bxh5 29. Rxh5 Rxh5 30. Qxh5 Qxf4
$44 1/2-1/2